Score 0/20 Timer 04:00
4 Plays Today
Question Answer Wrong Answers
Hands on a Clock
Hour, Minute, and?
Second
96.5%
Alarm
0.3%
Noon
0.1%
Quarter
0.3%
Basic Cutlery
Knife, Spoon, and?
Fork
96%
Teaspoon
0.4%
Chopsticks
0.1%
Spork
0.7%
BLT Main Ingredients
Lettuce, Tomato, and?
Bacon
95.1%
Bread
0.9%
Beef
1%
Barbecue
0.2%
Neapolitan Flavors
Chocolate, Vanilla, and?
Strawberry
94.8%
Raspberry
1.3%
Cherry
0.8%
Pink
0.3%
Triathlon Events
Swimming, Cycling, and?
Running
92.4%
Shooting
3.1%
Javelin
0.9%
Hurdles
0.8%
Fire Safety Technique
Stop, Roll, and?
Drop
91.6%
Fall
1.4%
Down
1.5%
Run
2.7%
Christopher Columbus's Ships
Niña, Pinta, and?
Santa María
88.7%
Santa Ana
3.6%
Santa Cruz
2.4%
El Niño
2.6%
Three Stooges
Larry, Moe, and?
Curly
88.6%
Jimmy
2%
Johnny
1.5%
Lenny
5.1%
Rock Types
Sedimentary, Metamorphic, and?
Igneous
87.7%
Volcanic
6.4%
Limestone
1.4%
Granite
1.8%
The Three Rs of Education
Reading, Writing, and?
Arithmetic
86.3%
Revising
6.2%
Reviewing
4.2%
Rewording
0.4%
Three Men in a Tub
Butcher, Candlestick Maker, and?
Baker
85.9%
Sailor
2.3%
Blacksmith
7.4%
Farmer
1.5%
Three Branches of US Government
Legislative, Executive, and?
Judicial
85.2%
Congress
2.7%
Presidential
2%
Administrative
7.2%
Three Little Pigs' House-building Materials
Bricks, Sticks, and?
Straw
83.9%
Wood
6%
Stones
5.1%
Mud
2.3%
Methods of Heat Transfer
Conduction, Convection, and?
Radiation
81.6%
Sublimation
5.4%
Convolution
7.1%
Ionization
3.1%
Axis Powers
Germany, Italy, and?
Japan
74.1%
China
2.9%
Hungary
4.3%
Russia
15.9%
Musketeers
Porthos, Athos, and?
Aramis
65.8%
D'Artagnan
20.4%
Gatien
2%
Dumas
9%
Three Wise Men
Balthazar, Gaspar, and?
Melchior
60.6%
Malcolm
1.9%
Zachariah
12.5%
Malachi
22.1%
The Three Tenors
Luciano Pavarotti, Plácido Domingo, and?
José Carreras
55.7%
Andrea Bocelli
30.7%
Giuseppe Di Stefano
6.2%
Franco Corelli
4.5%
Middle Ear Bones
Incus, Stapes, and?
Malleus
45.2%
Hammerus
32%
Maxilla
11.8%
Radius
8%
South African Capitals
Pretoria, Cape Town, and?
Bloemfontein
35.1%
Durban
3.2%
Johannesburg
55.1%
Port Elizabeth
3.9%

You're not logged in!

Compare scores with friends on all Sporcle quizzes.
OR
Log In

Sporcle TV

Today on Sporcle TV


Watch our educational content, quiz creation guides, and fun videos on Sporcle TV.

Show Comments

Extras

Top Quizzes Today


Score Distribution

Your Account Isn't Verified!

In order to create a playlist on Sporcle, you need to verify the email address you used during registration. Go to your Sporcle Settings to finish the process.

Report this User

Report this user for behavior that violates our Community Guidelines.

Details: